Perlembagaan dan undang-undang am : Panduan kepada calon-calon peperiksaan undang-undang kerajaan (Hingga 15hb November 1994)

Bibliographic Details
Format: Book
Published: Kuala lumpur : ILBS , 1994
Subjects:

MARC

LEADER 00000cam a2200000 7i4500
001 0000014021
005 20050428.0
020 |a 9678906600 
040 |a INS 
090 0 0 |a KQB14 1994 
245 1 0 |a Perlembagaan dan undang-undang am :   |b Panduan kepada calon-calon peperiksaan undang-undang kerajaan (Hingga 15hb November 1994) 
260 |a Kuala lumpur :   |b ILBS ,   |c 1994 
300 |a i :   |b 546p ;   |c 24cm. 
650 0 0 |a Malaysia   |x Constitutional law 
999 |a 0000006853   |b BOOK   |c Open Shelf   |e Default branch 
999 |a 0000006854   |b BOOK   |c Reference   |e Default branch 
999 |a 0000006856   |b BOOK   |c Open Shelf   |e Default branch